| 000 | 00578nam a2200193Ia 4500 | ||
|---|---|---|---|
| 999 |
_c45306 _d45306 |
||
| 003 | GCL | ||
| 005 | 20240530104201.0 | ||
| 008 | 140319s9999 xx 000 0 ara d | ||
| 040 |
_aGCL / _cGCL |
||
| 082 | 0 | 4 |
_a327.2 _bأ ف |
| 100 | 1 | _aوليام اورى | |
| 245 | 1 | 0 |
_aفن التفاوض / _cوليام اورى |
| 260 |
_a[S.N] : _bالدار الدولية للنشر والتوزيع ، _c1994 |
||
| 300 | _a181 ص | ||
| 650 | 0 | 4 | _aالعلاقات الدولية |
| 650 | 0 | 4 | _aالدبلوماسية |
| 650 | 0 | 4 | _aالسلك الدبلوماسى |
| 942 |
_2ddc _cBK |
||